000 00412nam a22001577a 4500
005 20260306045329.0
008 240905b |||||||| |||| 00| 0 eng d
020 _a9780070620421
082 _a339
100 _aDeepashree
245 _aMacroeconomics
260 _aNew Delhi,:
_bTata McGraw-Hill Publishing Company Limited
_c2007
300 _axviii,
_c23 Cm
700 _aAgarwal Vanita
942 _2ddc
_cMAIN
999 _c9997
_d9998